Amerikan 10 rikkainta valtiota - Statistics

Yleistilastot
  • Tätä visaa on pelattu 721 kertaa
  • Keskiarvotulos 7 / 10
Vastaustilastot
BKT per asukas Valtio % Oikein
80 035 $ Yhdysvallat
100%
60 177 $ Kanada
99%
27 261 $ Argentiina
80%
29 613 $ Chile
77%
40 177 $ Panama
64%
28 740 $ Uruguay
61%
43 913 $ Bahama
58%
60 648 $ Guyana
40%
32 054 $ Trinidad ja Tobago
39%
29 662 $ Saint Kitts ja Nevis
36%
Ehtoja vastaavia visoja ei löytynyt
Tulosjakauma
Jokaisen tuloksen saaneiden osuus
Persentiili vastausten määrän mukaan
Tuloshistoriasi
Et ole pelannut tätä visaa